Представление документа в формате RUSMARC

ПолеНазваниеЗначение
  Тип записи a
  Библиографический уровень m
001 Контрольный номер RU/SLIB/B/210783240
005 Дата корректировки 20201206204424.4
010 Индекс ISBN __
a ISBN 985-13-1452-8
d Цена 70-00
101 Язык документа 0_
a Язык текста rus
c Язык оригинала rus
200 Заглавие и сведения об ответственности 1_
a Заглавие Опыт военной разведки на службе в коммерческой фирме
f Первые сведения об ответственности Олег Бабец ; под общ. ред. А. Е. Тараса
b Общее обозначение материала Текст
210 Выходные данные __
a Место издания Минск
c Издательство Харвест
d Дата издания 2003
215 Физическое описание __
a Объем 336 с.
330 Аннотация __
a Аннотация Важные вопросы организации и практической деятельности информационно-аналитической службы коммерческой фирмы. Для руководителей и сотрудников коммерческих предприятий и фирм, а также охранных и детективных агенств.
606 Тематические рубрики __
a Основная рубрика Экономика
606 Тематические рубрики __
a Основная рубрика Бизнес. Предпринимательство
610 Ключевые слова __
a Ключевые слова информационно-аналитическая работа; информационно-аналитическое обеспечение; коммерческие организации; коммерческие службы; коммерческие предприятия; охранные агентства; охранные службы; детективные агентства
686 Индексы других классификаций __
a Классификационный индекс 65.290.4
700 Автор _1
a Фамилия Бабец
b Имя О. А.
4 Код отношения 070
702 Вторичная интеллектуальная ответственность _1
a Фамилия Тараса
b Имя А. Е.
4 Код отношения Редактор
4 Код отношения 340
801 Источник записи _0
a Страна RU
b Организация Муниципальное бюджетное учреждение культуры "Централизованная библиотечная система" г. Сургут (Центральная городская библиотека им. А. С. Пушкина)
g Правила каталогизации КиК/Елгина
801 Источник записи _1
a Страна RU
b Организация Муниципальное бюджетное учреждение культуры "Централизованная библиотечная система" г. Сургут (Центральная городская библиотека им. А. С. Пушкина)
g Правила каталогизации КиК/Елгина
852 Данные о местонахождении __
j Шифр хранения 65.290.4
i Авторский знак Б 12
901 Тип документа __
t Тип документа m
903 Характеристики (МАРС) __
a Дата передачи 20060921
990 Данные о заказе (DOS) __
j Количество экземпляров (DOS) 1
t N записи в КСУ для И/У (DOS) 200610